Six essays on commons preservation: written in competition for prizes offered by Henry W. Peek (Record no. 114043)
[ view plain ]
| 000 -LEADER | |
|---|---|
| fixed length control field | 01167cam a22002655a 4500 |
| 001 - CONTROL NUMBER | |
| control field | L156117 |
| 008 - FIXED-LENGTH DATA ELEMENTS--GENERAL INFORMATION | |
| fixed length control field | 120430s1867 xxk f 000 0 eng d |
| 035 ## - SYSTEM CONTROL NUMBER | |
| System control number | (Sirsi) u156117 |
| 041 0# - LANGUAGE CODE | |
| Language code of text/sound track or separate title | eng |
| 245 00 - TITLE STATEMENT | |
| Title | Six essays on commons preservation: written in competition for prizes offered by Henry W. Peek |
| Remainder of title | Containing a legal and historical examination of manorial rights and customs, with a view to the preservation of commons near great towns ... |
| 260 ## - PUBLICATION, DISTRIBUTION, ETC. | |
| Place of publication, distribution, etc. | London |
| Name of publisher, distributor, etc. | S. Low, son, and Marston |
| Date of publication, distribution, etc. | 1867 |
| 300 ## - PHYSICAL DESCRIPTION | |
| Extent | xvii, 432 p., 1 l. |
| Dimensions | 23 cm. |
| 583 ## - ACTION NOTE | |
| Action | Condition reviewed |
| Time/date of action | 20120620 |
| Status | condition level 1 |
| 651 #4 - SUBJECT ADDED ENTRY--GEOGRAPHIC NAME | |
| Geographic name | Great Britain |
| Chronological subdivision | 1707- |
| 690 ## - LOCAL SUBJECT ADDED ENTRY--TOPICAL TERM (OCLC, RLIN) | |
| Topical term or geographic name as entry element | Land use |
| 9 (RLIN) | 6251 |
| 700 1# - ADDED ENTRY--PERSONAL NAME | |
| Personal name | Peek, Henry W. |
| Fuller form of name | (Henry William) |
| Titles and other words associated with a name | Sir |
| Dates associated with a name | 1825-1898 |
| 700 1# - ADDED ENTRY--PERSONAL NAME | |
| Personal name | Maidlow, John M. |
| Fuller form of name | (John Mott) |
| Dates associated with a name | b. 1839 |
| 700 1# - ADDED ENTRY--PERSONAL NAME | |
| Personal name | Beale, William Phipson |
| Titles and other words associated with a name | Sir, bart. |
| Dates associated with a name | 1839-1922 |
| 700 1# - ADDED ENTRY--PERSONAL NAME | |
| Personal name | Crump, F. Octavius |
| Fuller form of name | (Frederick Octavius) |
| Dates associated with a name | 1840-1900 |
| 700 1# - ADDED ENTRY--PERSONAL NAME | |
| Personal name | Hocking, Henry Hicks |
| Titles and other words associated with a name | Sir |
| Dates associated with a name | 1842-1907 |
| 700 1# - ADDED ENTRY--PERSONAL NAME | |
| Personal name | Hunter, Robert |
| Titles and other words associated with a name | Sir |
| Dates associated with a name | 1844-1913 |
| 700 1# - ADDED ENTRY--PERSONAL NAME | |
| Personal name | Lockhart, Edgar Henry |
| Dates associated with a name | 1839?-1868 |
| 700 1# - ADDED ENTRY--PERSONAL NAME | |
| Personal name | Eversley, G. Shaw-Lefevre |
| Fuller form of name | (George Shaw-Lefevre) |
| Titles and other words associated with a name | Baron |
| Dates associated with a name | 1832-1928 |
| 942 ## - ADDED ENTRY ELEMENTS (KOHA) | |
| Suppress in OPAC | 0 |
| Withdrawn status | Lost status | Source of classification or shelving scheme | Damaged status | Not for loan | Home library | Current library | Shelving location | Date acquired | Total Checkouts | Full call number | Barcode | Date last seen | Copy number | Price effective from | Koha item type |
|---|---|---|---|---|---|---|---|---|---|---|---|---|---|---|---|
| Dewey Decimal Classification | Historic collection | Historic collection | Historic collection | 30/04/2012 | QUARTO 1867 PEEK | 30077993 | 06/08/2019 | 1 | 06/08/2019 | Book |